Provincias y Territorios de Canadá - Estadísticas

Estadísticas generales
  • Esta prueba ha sido intentada 6.984 veces
  • La puntuación promedio es 8 de 13
Respuestas en el mapa
Las respuestas están codificadas por una escala verde-roja en el mapa de la prueba según el % correcto abajo.
 
Estadísticas de respuestas
Provincia / Territorio % Correcto
Quebec
89%
Ontario
79%
Alberta
76%
Columbia Británica
64%
Terranova y Labrador
63%
Yukón
58%
Nueva Escocia
57%
Nunavut
53%
Manitoba
51%
Territorios del Noroeste
49%
Isla del Príncipe Eduardo
48%
Saskatchewan
48%
Nuevo Brunswick
39%
No se encontraron pruebas coincidentes
Distribución de puntuación
Porcentaje de gente con cada puntuación
Porcentaje por número respondido
Historial de tus puntuaciones
No has intentado esta prueba.